000 00694nam a22002057a 4500
003 OSt
005 20250712023526.0
008 250712b |||||||| |||| 00| 0 eng d
020 _a978195163259
040 _aDWCL-Main Lib
_cOC
082 _aCirc. 610.73 St933 2022
245 _aStudy guide for Brunner & Suddarth's textbook of medical- surgical nursing/
250 _a15th edition
260 _aPhiladelphia :
_bWolters Kluwer,
_cc2022.
300 _ax, 420 pages :
_billustrations ;
_c26cm.
650 _a1. Medical-surgical nursing
650 _a2. Medical-surgical nursing - Study guide
650 _a3. Nursing care - Medical-surgical
942 _2ddc
_cBK-CIRC
_e15th edition
_kCirc.
_n0
999 _c3634
_d3634